Report of the medical exchange mission to the USSR : maternal and child care, October 12-November 11, 1960 /

Saved in:
Bibliographic Details
Corporate Author: National Institute of Neurological Diseases and Blindness (U.S.)
Format: Book
Language:English
Published: Bethesda, Md. : U.S. Dept. of Health, Education, and Welfare, Public Health Service, National Institutes of Health, National Institute of Neurological Diseases and Blindness, 1962.
Series:Public health service publication ; no. 954
Subjects:
LEADER 01327nam a2200253 i 4500
001 c000147152
003 CARM
005 00000000000000.0
008 s1962 mdua f00010 eng d
019 1 |a 1463812  |5 LACONCORD2021 
035 |a (OCoLC)34249592  |5 LACONCORD2021 
040 |a AkU-M  |c AkU 
043 |a e-ur--- 
050 1 |a RA513 
110 2 0 |a National Institute of Neurological Diseases and Blindness (U.S.) 
245 1 0 |a Report of the medical exchange mission to the USSR :  |b maternal and child care, October 12-November 11, 1960 /  |c [edited for publication by the National Institute of Neurological Diseases and Blindness]. 
260 |a Bethesda, Md. :  |b U.S. Dept. of Health, Education, and Welfare, Public Health Service, National Institutes of Health, National Institute of Neurological Diseases and Blindness,  |c 1962. 
300 |a x, 140 p. :  |b ill. ;  |c 26 cm. 
490 1 |a Public health service publication ; no. 954 
650 0 |a Maternal and infant welfare  |z Soviet Union. 
810 1 |a United States.  |b Public Health Service.  |t Public Health Service publication ;  |v no. 954. 
852 8 |b CARM  |h A2:AE05C0  |i D00037  |p 0002693  |f BK 
999 f f |i d4e9d51a-ac97-540d-8f29-03e389072129  |s f9722c0b-53f1-5bc3-97c5-bae0a45d4b80 
952 f f |p Can circulate  |a CAVAL  |b CAVAL  |c CAVAL  |d CARM 1 Store  |e D00037  |f A2:AE05C0  |h Other scheme  |i book  |m 0002693